| 000 | 00874nam a22002057a 4500 | ||
|---|---|---|---|
| 008 | 240518t2023 at |||||o|||| 00| 0 eng d | ||
| 041 | _aeng | ||
| 110 | _aEngineers Australia | ||
| 245 |
_aGuide for design engineers and building certifiers _h[Electronic resource] |
||
| 260 |
_bEngineers Australia, _cMay 2023 |
||
| 300 | _a19p. | ||
| 520 | _aThis guide takes an in-principle approach, laying out best practice in terms of communication, problem solving, record keeping and teamwork, which design engineers and building certifiers will find helpful. | ||
| 650 | _aBUILDING CERTIFICATION | ||
| 650 | _aDESIGN ENGINEERING | ||
| 650 | _aENGINEERING | ||
| 651 | _aAustralia | ||
| 710 | _aEngineers Australia | ||
| 856 |
_uhttps://www.engineersaustralia.org.au/publications/guide-design-engineers-and-building-certifiers _zAvailable online |
||
| 942 | _n0 | ||
| 999 |
_c121502 _d121502 |
||